| 000 | 00875nam a22002537a 4500 | ||
|---|---|---|---|
| 999 |
_c20509 _d20509 |
||
| 003 | AR-CdUCM | ||
| 008 | 190319b ||||| |||| 00| 0 spa d | ||
| 040 |
_aMUNICIPALIDAD PROVINCIAL DEL CUSCO _cBIBLIOTECA MUNICIPAL DEL CUSCO |
||
| 041 | _heng | ||
| 082 |
_a510.02 / _bS77 |
||
| 100 |
_aSpringer, Clifford H. _919677 |
||
| 245 | _aMatemáticas básicas / | ||
| 260 |
_aMéxico : _bU.T.E.H.A, _c1972. |
||
| 300 |
_a287 páginas ; _c28 cm. |
||
| 500 | _aSerie de Matemáticas para la Dirección de Negocios | ||
| 505 | _aContenido : El idioma de las matemáticas -- Organización de datos estadísticos -- Medidas estadísticas... | ||
| 650 |
_aAlgebra _920185 |
||
| 650 |
_aMatrices _940714 |
||
| 650 |
_aEstadisticas y Probabilidades _919680 |
||
| 700 |
_aHerlihy, Robert I. _942867 |
||
| 700 |
_aBeggs, Robert I. _920155 |
||
| 942 |
_2ddc _cLIBROS |
||
| 945 | _arcc | ||